000 00452nam a2200169Ia 4500
003 LK-CoDNM
008 010623t1992 xxu||||| |||| 00| 1 eng d
040 _aLK-CoDNM
_dLK-CoDNM
_eLK-CoDNM
041 _aeng
080 _ax 73 SCH
100 _aSchroeder, Ulrich Von
245 _aThe golden age of sculpture in Sri Lanka
260 _bVisual Dharma publications Ltd
_aHong Kong
_c1992
300 _b158, 30 cm
650 _aSculpture
942 _cBK
999 _c115507
_d115507